MDQL
is popping MORE tags! Check the
thread
!
Quizzes
Events
Quiz Creation
Community
Videos
Private Events
Remove Ads
Sign In
Join for FREE
Feedback
Dark Mode
Quiz Categories
Sports
Geography
Music
Movies
Television
Just For Fun
Miscellaneous
History
Literature
Language
Science
Gaming
Entertainment
Religion
Holiday
For Kids
Quiz Lab
Recent
Popular Today
Quiz Kudos Today
Editor Picks
Curator Picks
Quizzes by...
Day
Popularity
Type
Ratings
Length
Year
Community
Subscriptions
Recent Discussions
Orange Saloon
Badges
Playlists
Quests
Create
Leaderboards
Showdown
Live 5
Trivia Bingo
Activity
Puzzle Library
Sporcle Events
Private Events
Virtual Trivia
Globe League
Become a Host
Pub Owners
SporcleCon
Opinionation
Our Games
Videos
Blog
Mobile Apps
Partnerships
Remove Ads and Go Orange
Feedback
Sports
Athletes
MLB
NBA
NHL
NFL
Soccer
Sports Teams
WWE
NCAA
Football
Premier League
Basketball
Baseball
Hockey
Golf
Tennis
Cricket
Rugby
Auto Racing
Olympics
World Cup
Sports
Athletes
MLB
NBA
NHL
NFL
Soccer
Sports Teams
WWE
NCAA
Football
Premier League
Basketball
Baseball
Hockey
Golf
Tennis
Cricket
Rugby
Auto Racing
Olympics
World Cup
Random Quiz
Search Sporcle
×
Quiz Lab
Quiz Lab
Sports
Football
Type in answers that appear in a list
Type in answers that appear in a list
Classic
Best Score? Go Orange.
2008 NFL All-Pros Stats
Can you name the 2008 NFL All-Pros as selected by the Associate Press?
By
pablosandoval
10m
59 Questions
398 Plays
398 Plays
398 Plays
Comments
Comments
Give Quiz Kudos
Give Quiz Kudos
-
- Ratings
hide this ad
Replay
Link that replays current quiz
Next Quiz
Link to next quiz in quiz playlist
You Got
0%
They Got
Avg Score
37%
Avg Friend Score
Upgrade to see
Score Distribution
Jump to the score distribution portion of the page
Score
0/59
Timer
10:00
0
Plays Today
Team
Player
% Correct
First Team
Peyton Manning
98.7%
First Team
Andre Johnson
90.9%
First Team
Adrian Peterson
89.4%
Second Team
Drew Brees
81.6%
First Team
Tony Gonzalez
74.6%
First Team
Kevin Williams
73%
Second Team
DeAngelo Williams
73%
First Team
Larry Fitzgerald
69.8%
Second Team
Walter Jones
68%
Second Team
Donnie Jones
68%
First Team
Ray Lewis
66.5%
First Team
Ed Reed
64.2%
Second Team
Steve Smith
62.7%
Second Team
Clifton Smith
62.7%
Second Team
Jason Peters
60.2%
First Team
Michael Turner
59.4%
Second Team
Jason Witten
58.9%
First Team
Troy Polamalu
53.4%
First Team
James Harrison
50.9%
Second Team
Wes Welker
50.9%
Second Team
Joe Thomas
44.8%
First Team
Jared Allen
44.6%
First Team
DaMarcus Ware
43.8%
Second Team
Patrick Willis
38.8%
Second Team
Julius Peppers
35.8%
First Team
Steve Hutchinson
35%
Second Team
Clinton Portis
34%
First Team
Nnamdi Asomugha
34%
First Team
Albert Haynesworth
33.2%
Second Team
Charles Woodson
32.2%
Team
Player
% Correct
First Team
Shane Lechler
31.2%
First Team
Justin Tuck
28.7%
Second Team
Alan Faneca
28.2%
First Team
Le'Ron McClain
27%
First Team
Kevin Mawae
27%
First Team
Stephen Gostkowski
24.9%
Second Team
Terrell Suggs
23.2%
Second Team
Adrian Wilson
18.9%
Second Team
Joey Porter
18.6%
First Team
Chris Snee
18.4%
Second Team
Kris Jenkins
17.9%
Second Team
Haloti Ngata
16.9%
First Team
Cortland Finnegan
15.4%
First Team
Leon Washington
15.4%
Second Team
Shaun O'Hara
15.4%
Second Team
Ryan Clady
13.6%
Second Team
James Farrior
13.4%
Second Team
John Abraham
12.8%
Second Team
Antoine Winfield
12.8%
First Team
Jon Beason
12.6%
Second Team
Nick Collins
11.8%
Second Team
David Stewart
11.6%
Second Team
David Diehl
10.1%
Second Team
John Carney
10.1%
First Team
Michael Roos
9.3%
First Team
Jordan Gross
9.1%
Second Team
Madison Hedgecock
6.3%
Second Team
Quintin Mikell
3.3%
Second Team
Kris Dielman
2.8%
Quiz Playlist
Details
Report
Send in Message
Add To Playlist
Classic:
Type in answers that appear in a list
Quiz Source
Last Updated: Feb 16, 2017
Quiz Scoreboard
CHALLENGE
Sign Up to Join the Scoreboard
Show All
Scores
Hide
Comments
May contain spoilers
Recently Published
Holiday 10x10 Sorting Gallery
by lukepisani3
Holiday
15m
Two Season TV Shows II
by 123Four
Television
10m
Image Sorting: Flags VI
by Barbecue
Geography
2m
More to Explore
Quiz From the Vault
Featured Blog Post
14 Easter Pick-up Lines to Find Eggs With
hide this ad
You Might Also Like...
Tags
Football Quiz
NFL Quiz
2008
associate
Player
press
Selected
team
Today's Top Quizzes in Sports
Browse Sports
hide this ad
Today's Top Quizzes in Football
Browse Football
Top Contributed Quizzes in Sports
1
Les meilleurs buteurs des matchs entre le PSG et l’OM
2
Les entraîneurs de l'OM et du PSG au 21e siècle
3
2022 World Cup Stars
4
Les joueurs passés par le PSG et l'OM
5
Players with Multiple 50 Home Run Seasons
6
FIFA Club World Cup Champions
7
Criteria MLB: Left Handed Sluggers
8
Les joueurs passés par le LOSC et le RC Lens
9
Top 10 NHL Goal Scorers of All Time
10
NBA Logic Puzzle 2.0
Explore More
Trending Topics
Marvel
Kpop
Harry Potter
Anime
NBA
Disney
Crossword
Soccer
Puzzle
WWE
Song
Country
Pokémon
The Office
NFL
hide this ad
More By:
pablosandoval
Quiz
Plays
Rating
Category
Featured
Created
NHL First and Second Team All-Stars 1990s
6,525
4.55
Sports
Sep 25, 2009
NBA Scoring Average Champions
6,202
4.38
Sports
Sep 23, 2009
NCAA Basketball AP All-Americans
1,947
4.09
Sports
Sep 25, 2009
Celebrities Appearing on Seinfeld
607
4.29
Television
Sep 24, 2009
2008 NFL All-Pros
398
5.00
Sports
Sep 25, 2009
Go to Creator's Profile
Score Distribution
Quiz Creator Spotlight
pablosandoval
Follow
Send a Message
Quizzes Created
-
Created Quiz Play Count
-
More By This Creator
Popular Quizzes Today
1
Find the US States - No Outlines Minefield
2
Colored Red Africa Blitz
3
Find the 'City' Movie
4
The Countries of the World
5
5x2 Blitz: Bands
6
Find the Countries of Europe - No Outlines Minefield
7
Find the US States
8
US States
More Sports Quizzes
Most NCAA Wins Without a Championship
Published
Trending Quizzes
Colored Red Europe Blitz I
Colored Red Africa Blitz II
Colored Red Europe Blitz II
Even More Two Season TV Shows
Colored Red Africa Blitz III
Recently Updated
Quick Pick: 20 Twenties
pecheneg
March Madness Men's Triple Doubles
pecheneg
How Do You Spell That?
pecheneg
Godzilla Movies
pecheneg
Grab Bag: 4-10 Letters
pecheneg
2024 March Madness Bracket
pecheneg
Famous TV Couples
Peacemaker
Champions League XIs: Real Madrid
pecheneg
Largest US Cities 1790-2010
pecheneg
Rides in Walt Disney World
pecheneg
Trending Topics
Marvel
NBA
Kpop
Harry Potter
Disney
Anime
Crossword
Pokémon
The Office
Soccer
Song
NFL
WWE
Puzzle
Country
Your Account Isn't Verified!
In order to create a playlist on Sporcle, you need to verify the email address you used during registration. Go to your
Sporcle Settings
to finish the process.
Report this User
Report this user for behavior that violates our
Community Guidelines
.
Details:
Send Report
Go to the Sporcle.com Mobile Site →
Comments